banner-ar

TAYLOR'S GUIDE TO ROSES / (Record no. 10376)

MARC details
000 -الفاتح
حقل البيانات ثابتة الطول 00432nam a2200169Ia 4500
008 - عناصر البيانات ثابتة الطول - معلومات عامة
حقل البيانات ثابتة الطول 140319s9999 xx 000 0 eng d
040 ## - مصدر الفهرسة
وكالة الفهرسة الأصلية GCL /
وكالة النسخ GCL
082 04 - رقم تصنيف ديوى العشرى
رقم التصنيف 635.93
رقم المادة S T
100 1# - المدخل الرئيسى - إسم شخصى
الإسم الشخصى SCBNEIDER, PETER
245 10 - بيان العنوان
العنوان TAYLOR'S GUIDE TO ROSES /
بيان المسئوليه,etc SCBNEIDER, PETER
260 ## - PUBLICATION, DISTRIBUTION, ETC. (IMPRINT)
تاريخ النشر أو التوزيع 1995
300 ## - الوصف المادى
التعداد 451 P
650 04 - المدخل الاضافى بالموضوع-مصطلح موضوعى
مصطلح موضوعي ROSES
650 04 - المدخل الاضافى بالموضوع-مصطلح موضوعى
مصطلح موضوعي ROSE CULTURE
942 ## - عناصر المدخل الإضافي( كوها)
مصدر التصنيف او مخطط الترفيف Dewey Decimal Classification
Koha [default] item type كتاب
260 ## - PUBLICATION, DISTRIBUTION, ETC. (IMPRINT)
-- [S.N] :
-- HOUGHTON MIFFLIN COMPANY ،
Holdings
حالة التراجع حالة الفقد حالة تلف ليس للاعارة المكان المؤقت الموقع الحالى تاريخ الاكتساب اجمالي اﻻعارات رقم الطلب الباركود تاريخ اخر مشاهدة تاريخ تفعيل السعر نوع وعاء كوها
        مكتبة القاهرة الكبرى مكتبة القاهرة الكبرى 03/26/2014   635.93\S T 21083 03/26/2014 03/26/2014 كتاب
        مكتبة القاهرة الكبرى مكتبة القاهرة الكبرى 03/26/2014   635.93\S T 21084 03/26/2014 03/26/2014 كتاب

Powered By

EGPV